000
00203 a2200109 4500
020
_a
978-0-618-64894-8
041
_a
eng
100
_a
harbour,jean
245
_a
eat and run
942
_c
BK
952
_7
1
999
_c
17877
_d
17877